|
|
|
|
| LEADER |
00000nab a2200000 ar4500 |
| 001 |
vtls009169898 |
| 003 |
SK-MaSNL |
| 005 |
20260304171904.0 |
| 008 |
071231c2007 xo wr|p|||||||000 b|slo |
| 038 |
|
|
|a PPPK
|
| 040 |
|
|
|a PPPKCL
|b slo
|c PPPKCL
|e AACR2
|
| 041 |
0 |
|
|a slo
|
| 044 |
|
|
|a xo
|c SK
|
| 080 |
|
|
|a 614.2
|2 2001
|
| 080 |
|
|
|a 613.97
|2 2001
|
| 080 |
|
|
|a 616.12
|2 2001
|
| 245 |
0 |
0 |
|a Otvorili nové oddelenie
|c [autor] (mna)
|
| 610 |
2 |
7 |
|a Nemocnica Dr. Vojtecha Alexandra (Kežmarok, Slovensko).
|b Oddelenie Jednotka intenzívnej starostlivosti
|2 pppkcl
|9 1500838
|
| 648 |
|
7 |
|a 2007
|2 pppkcl
|9 313226
|
| 650 |
0 |
7 |
|a srdcovo-cievne ochorenia
|2 pppkcl
|9 1197439
|
| 650 |
0 |
7 |
|a intenzívna starostlivosť
|2 pppkcl
|9 66540
|
| 651 |
|
7 |
|a Kežmarok (Slovensko)
|2 pppkcl
|9 26808
|
| 773 |
0 |
|
|t Podtatranské noviny
|g Roč. XLVIII, č. 36 (2007), s. 1
|
| 852 |
|
|
|a PPPK
|b KIS3GCP
|
| 958 |
|
|
|a MI
|
| 999 |
|
|
|c 2995438
|d 2997368
|